[Event "CYCC U08"]
[Site "Windsor CAN"]
[Date "2016.07.08"]
[Round "7.122"]
[White "Locham, Divjot"]
[Black "Zhang, Angus"]
[Result "1-0"]
[WhiteElo "698"]
[BlackElo "1031"]
[PlyCount "93"]
[EventDate "2016.07.05"]
[EventType "swiss"]
[EventRounds "7"]
[EventCountry "CAN"]

1. e4 e5 2. Nf3 Nc6 3. Nc3 Nf6 4. Be2 Bb4 5. Bd3 Bxc3 6. dxc3 d6 7. O-O O-O 8.
Bg5 h6 9. Bxf6 Qxf6 10. Re1 Bg4 11. Re3 Qg6 12. h3 Bxh3 13. Nh4 Qg5 14. Rxh3
Ne7 15. Nf3 Qg4 16. Rh4 Qd7 17. Bc4 Ng6 18. Rh5 Qg4 19. Rh1 Nf4 20. Rh2 Kh8 21.
Nh4 Ng6 22. Qxg4 c6 23. Bxf7 Nxh4 24. Rxh4 Rxf7 25. Re1 Rf4 26. Qh5 Rf6 27. Qg5
Kg8 28. Rxh6 Rxh6 29. Re3 Kf7 30. Rf3+ Kg8 31. Rg3 Rh7 32. Rh3 Rxh3 33. gxh3
Rf8 34. h4 Rf6 35. h5 Kf7 36. Kg2 g6 37. h6 Re6 38. h7 Re8 39. Qh6 Rh8 40. Kg3
g5 41. Kg4 d5 42. exd5 cxd5 43. Kxg5 e4 44. Qg6+ Kf8 45. Kf6 Rxh7 46. Qxh7 Ke8
47. Qe7# 1-0

[Event "CYCC U08"]
[Site "Windsor CAN"]
[Date "2016.07.08"]
[Round "7.124"]
[White "Hodgson, Trent"]
[Black "Chen, Andrew"]
[Result "0-1"]
[WhiteElo "544"]
[BlackElo "799"]
[PlyCount "66"]
[EventDate "2016.07.05"]
[EventType "swiss"]
[EventRounds "7"]
[EventCountry "CAN"]

1. e4 d5 2. exd5 Nf6 3. Nc3 Nxd5 4. Bc4 Nxc3 5. dxc3 Qxd1+ 6. Kxd1 e5 7. Be3
Nc6 8. Nf3 Bg4 9. h3 Bxf3+ 10. gxf3 O-O-O+ 11. Kc1 f5 12. Rd1 Rxd1+ 13. Kxd1 g6
14. Ke2 f4 15. Bd2 Bc5 16. Be6+ Kb8 17. Be1 Re8 18. Rd1 Rxe6 19. Kd3 Rd6+ 20.
Ke2 Rxd1 21. Kxd1 b5 22. h4 a5 23. b4 axb4 24. cxb4 Bxb4 25. Bxb4 Nxb4 26. a3
Na6 27. Kd2 b4 28. axb4 Nxb4 29. Kc3 c5 30. Kb3 h6 31. c3 Nd3 32. Kc4 Nxf2 33.
Kxc5 e4 {...} 0-1

[Event "CYCC U08"]
[Site "Windsor CAN"]
[Date "2016.07.08"]
[Round "7.125"]
[White "Mane, Arnav"]
[Black "Puri, Aryan"]
[Result "0-1"]
[WhiteElo "675"]
[BlackElo "724"]
[PlyCount "92"]
[EventDate "2016.07.05"]
[EventType "swiss"]
[EventRounds "7"]
[EventCountry "CAN"]

1. e4 e5 2. Bc4 Nc6 3. d3 Nf6 4. Bg5 Bc5 5. Nc3 O-O 6. Nd5 Be7 7. Nf3 d6 8. d4
exd4 9. Nxd4 Bg4 10. f3 Bd7 11. Nxc6 Bxc6 12. e5 dxe5 13. Nxf6+ Bxf6 14. Qxd8
Bxd8 15. Bxd8 Raxd8 16. O-O Rd6 17. Rfe1 Rg6 18. Rf1 Rd8 19. Rfe1 Rd2 20. Re2
Rd4 21. Bb3 Rh4 22. Rae1 Rgh6 23. Rxe5 g6 24. h3 Bd7 25. Re7 Bxh3 26. Bxf7+ Kh8
27. Re8+ Kg7 28. R1e7 Kf6 29. gxh3 Rxh3 30. Re6+ Kxf7 31. R8e7+ Kf8 32. Rxc7
Rh1+ 33. Kf2 R6h2+ 34. Ke3 Re1+ 35. Kf4 Rxe6 36. Kg4 Rhe2 37. Rc8+ Ke7 38. Rc7+
Kd6 39. Rxb7 Rg2+ 40. Kf4 g5+ 41. Kf5 Rh6 42. Ke4 Re2+ 43. Kf5 Rh3 44. Rxa7
Rxf3+ 45. Kxg5 Rg2+ 46. Kh6 Rh3# 0-1

[Event "CYCC U08 w"]
[Site "Windsor CAN"]
[Date "2016.07.05"]
[Round "1.132"]
[White "Deng, Joyce"]
[Black "Mok, Gillian"]
[Result "0-1"]
[WhiteElo "1072"]
[BlackElo "705"]
[PlyCount "26"]
[EventDate "2016.07.05"]
[EventType "swiss"]
[EventRounds "7"]
[EventCountry "CAN"]

1. e4 e5 2. Bc4 Nf6 3. Nc3 Bb4 4. a3 Bxc3 5. bxc3 Nxe4 6. d3 Nxc3 7. Qd2 d5 8.
Bxd5 Nxd5 9. Nf3 Bg4 10. O-O Bxf3 11. Bb2 Nf4 12. Bxe5 Qg5 13. g3 Nh3# 0-1

[Event "CYCC U08 w"]
[Site "Windsor CAN"]
[Date "2016.07.05"]
[Round "1.133"]
[White "Siahou, Audrey"]
[Black "Zhuang, Winnie"]
[Result "0-1"]
[WhiteElo "636"]
[BlackElo "1027"]
[PlyCount "122"]
[EventDate "2016.07.05"]
[EventType "swiss"]
[EventRounds "7"]
[EventCountry "CAN"]

1. e4 e5 2. Nf3 Nc6 3. Bc4 Bb4 4. Nc3 Bxc3 5. bxc3 d6 6. h3 h6 7. d4 exd4 8.
cxd4 Nf6 9. Qe2 O-O 10. O-O Re8 11. Bd3 d5 12. Nd2 dxe4 13. Bxe4 Nxd4 14. Qd3
Qd6 15. Bb2 c5 16. Rfe1 Bd7 17. c3 Nxe4 18. Nxe4 Qg6 19. cxd4 Bf5 20. dxc5 Bxe4
21. Qg3 Qh7 22. f3 Bd5 23. Rxe8+ Rxe8 24. Re1 Rf8 25. a3 f6 26. Qd6 Bb3 27. Qg3
Qd3 28. Qc7 Qd2 29. Qg3 Qxb2 30. Re7 Bf7 31. c6 bxc6 32. Rxa7 Qd4+ 33. Qf2 Qd3
34. a4 Re8 35. a5 Re2 36. Qf1 Qd2 37. Kh2 Re1 38. Qh1 Rxh1+ 39. Kxh1 Qd4 40.
Ra8+ Kh7 41. a6 Bc4 42. a7 Bf1 43. Rh8+ Kxh8 44. a8=Q+ Kh7 45. Qxc6 Qf2 46.
Qe4+ Kg8 47. Qa8+ Kh7 48. Qe4+ f5 49. Qxf5+ Kg8 50. Qe6+ Kf8 51. Qf5+ Ke7 52.
Qe5+ Kd7 53. Qxg7+ Ke6 54. Qxh6+ Ke5 55. Qg5+ Kd4 56. Qg4+ Kd3 57. Qg5 Ke2 58.
Qg4 Ke1 59. Qg5 Be2 60. Qg4 Kf1 61. Qg5 Qg1# 0-1

[Event "CYCC U08 w"]
[Site "Windsor CAN"]
[Date "2016.07.05"]
[Round "1.134"]
[White "Ma, Lily"]
[Black "De Costa, Dayna"]
[Result "0-1"]
[WhiteElo "1000"]
[BlackElo "627"]
[PlyCount "66"]
[EventDate "2016.07.05"]
[EventType "swiss"]
[EventRounds "7"]
[EventCountry "CAN"]

1. e4 c5 2. Bc4 e6 3. Nc3 a6 4. Nf3 b5 5. Be2 Nf6 6. a3 Be7 7. O-O O-O 8. d3
Nc6 9. Bg5 Bb7 10. Bxf6 Bxf6 11. Qd2 Qc7 12. g3 Rfe8 13. Nh4 h6 14. Nf3 Bg5 15.
Nxg5 Nd4 16. Nf3 Nxe2+ 17. Qxe2 Rad8 18. Nd1 Qa5 19. d4 b4 20. dxc5 Bxe4 21.
Qxe4 Qb5 22. axb4 d5 23. Qe5 f6 24. Qc3 Qd7 25. Rxa6 e5 26. Qb3 Qh3 27. c4 dxc4
28. Qxc4+ Kh8 29. b5 Rxd1 30. Rxd1 e4 31. Ne1 Re5 32. b6 Rh5 33. Kh1 Qxh2# 0-1

[Event "CYCC U08 w"]
[Site "Windsor CAN"]
[Date "2016.07.05"]
[Round "1.135"]
[White "Yu, Sophia"]
[Black "Hua, Michelle"]
[Result "1-0"]
[WhiteElo "522"]
[BlackElo "851"]
[PlyCount "113"]
[EventDate "2016.07.05"]
[EventType "swiss"]
[EventRounds "7"]
[EventCountry "CAN"]

1. e4 d5 2. exd5 Qxd5 3. Nc3 Qa5 4. Nf3 Bg4 5. h3 Qh5 6. Rg1 Bxf3 7. Qxf3 Qxf3
8. gxf3 Nc6 9. Bb5 O-O-O 10. Bxc6 bxc6 11. d3 Nf6 12. Be3 Kb7 13. a4 a5 14. Rg5
Nd5 15. Nxd5 cxd5 16. Ra3 Ka6 17. Rb3 f6 18. Rg4 e5 19. Rb5 d4 20. Bd2 Bb4 21.
Bxb4 axb4 22. Rxb4 Rb8 23. Rxb8 Rxb8 24. Rxg7 Rxb2 25. Rxc7 Rb7 26. Rxb7 Kxb7
27. Kd2 Kb6 28. c3 Ka5 29. f4 exf4 30. cxd4 Kxa4 31. Kc3 Kb5 32. Kb3 h6 33. f3
h5 34. h4 Kc6 35. Kc4 Kd6 36. d5 f5 37. Kd4 Kd7 38. Ke5 Ke7 39. d6+ Kd7 40. Kd5
Kd8 41. Ke6 Ke8 42. d7+ Kd8 43. d4 Kc7 44. Ke7 Kc6 45. d8=Q Kb5 46. d5 Kc4 47.
d6 Kd3 48. d7 Ke2 49. Qa8 Kf2 50. d8=Q Kg3 51. Ke6 Kh3 52. Qa1 Kg3 53. Qdd1
Kxh4 54. Qh1+ Kg5 55. Qag1+ Kh6 56. Kf6 Kh7 57. Qxh5# 1-0

[Event "CYCC U08 w"]
[Site "Windsor CAN"]
[Date "2016.07.06"]
[Round "2.130"]
[White "Zhuang, Winnie"]
[Black "Yu, Sophia"]
[Result "1-0"]
[WhiteElo "1027"]
[BlackElo "522"]
[PlyCount "77"]
[EventDate "2016.07.05"]
[EventType "swiss"]
[EventRounds "7"]
[EventCountry "CAN"]

1. e4 e6 2. Nf3 Nc6 3. Nc3 d5 4. exd5 exd5 5. Bb5 a6 6. Bxc6+ bxc6 7. O-O Nf6
8. Re1+ Be7 9. d3 h6 10. Ne5 Bb7 11. d4 O-O 12. Qf3 Bb4 13. Qg3 Nh5 14. Qg4 Nf6
15. Qf5 Qc8 16. Qf3 Ne4 17. Bf4 Bxc3 18. bxc3 Qf5 19. Rab1 Rfb8 20. Qe3 Nxc3
21. Qxc3 Qxf4 22. Nxc6 Bxc6 23. Qxc6 Rxb1 24. Qxa8+ Kh7 25. Rxb1 Qxd4 26. Qxa6
f5 27. h3 Qc3 28. Rb8 Qa1+ 29. Kh2 Qe5+ 30. g3 c5 31. Qa8 Qd4 32. Rh8+ Kg6 33.
Kg2 Qe4+ 34. Kh2 Qd4 35. Kg1 Qd1+ 36. Kg2 Qd4 37. Qa6+ Kh5 38. Qe6 g6 39. Rg8
1-0

[Event "CYCC U08 w"]
[Site "Windsor CAN"]
[Date "2016.07.06"]
[Round "2.131"]
[White "De Costa, Dayna"]
[Black "Qu, Greta"]
[Result "0-1"]
[WhiteElo "627"]
[BlackElo "827"]
[PlyCount "54"]
[EventDate "2016.07.05"]
[EventType "swiss"]
[EventRounds "7"]
[EventCountry "CAN"]

1. d4 d5 2. c4 e6 3. Nc3 Nf6 4. Bg5 Be7 5. e3 b6 6. cxd5 exd5 7. Bd3 Ne4 8.
Nxe4 Bxg5 9. Bb5+ Nd7 10. Ng3 Qe7 11. Bc6 Rb8 12. Nf3 Bb7 13. Ba4 O-O 14. O-O
Bf6 15. Nd2 c5 16. Nb3 cxd4 17. exd4 Rbc8 18. Nf5 Qe6 19. Re1 Qxf5 20. Rb1 Nb8
21. Re2 Bc6 22. Re3 Bxa4 23. Qe2 Qxb1+ 24. Qe1 Qxe1+ 25. Rxe1 Rfe8 26. Rd1 Rc7
27. Rd3 Re1# 0-1

[Event "CYCC U08 w"]
[Site "Windsor CAN"]
[Date "2016.07.06"]
[Round "2.133"]
[White "Hua, Michelle"]
[Black "Deng, Joyce"]
[Result "1-0"]
[WhiteElo "851"]
[BlackElo "875"]
[PlyCount "55"]
[EventDate "2016.07.05"]
[EventType "swiss"]
[EventRounds "7"]
[EventCountry "CAN"]

1. e4 e5 2. d4 Nc6 3. d5 Nb4 4. a3 Na6 5. Nf3 d6 6. Bb5+ c6 7. dxc6 bxc6 8.
Bxc6+ Bd7 9. Bxa8 Bb5 10. Nc3 Bc4 11. Bd5 Bxd5 12. Qxd5 Nf6 13. Qc6+ Nd7 14.
Qxa6 Qa8 15. Nd5 Nc5 16. Qb5+ Nd7 17. Nc7+ Kd8 18. Nxa8 Be7 19. O-O Bf6 20. Bg5
h6 21. Bxf6+ Nxf6 22. Qb8+ Ke7 23. Qxh8 Nxe4 24. Rfe1 d5 25. Rad1 Ke6 26. Qe8+
Kd6 27. Qxe5+ Kc5 28. Qxd5# 1-0

[Event "CYCC U08 w"]
[Site "Windsor CAN"]
[Date "2016.07.06"]
[Round "3.130"]
[White "Qu, Greta"]
[Black "Zhuang, Winnie"]
[Result "0-1"]
[WhiteElo "827"]
[BlackElo "1027"]
[PlyCount "156"]
[EventDate "2016.07.05"]
[EventType "swiss"]
[EventRounds "7"]
[EventCountry "CAN"]

1. e4 e5 2. Nf3 Nc6 3. Bc4 Bc5 4. c3 h6 5. d4 exd4 6. cxd4 Bb4+ 7. Nc3 Nf6 8.
e5 Ne4 9. Bd2 Nxd2 10. Qxd2 O-O 11. O-O d6 12. exd6 cxd6 13. Rfe1 Bg4 14. Qf4
Qd7 15. Re2 Ba5 16. Rae1 Bb6 17. d5 Nd4 18. Re7 Qc8 19. Be2 Nxe2+ 20. R1xe2 Bd8
21. Re8 Qd7 22. Rxf8+ Kxf8 23. Ne4 Ba5 24. Qxd6+ Qxd6 25. Nxd6 Bd7 26. Nxb7 Bb4
27. a3 Be7 28. Ne5 Bb5 29. Rd2 Rc8 30. g3 Bf6 31. Nf3 Bd7 32. d6 Bh3 33. Kh1
Rc1+ 34. Ng1 Ke8 35. d7+ Bxd7 36. Kg2 Bc6+ 37. Nf3 Bxb7 38. Re2+ Kf8 39. Rd2 g5
40. h3 h5 41. Rd7 Bc6 42. Rd6 Be7 43. Rh6 g4 44. hxg4 hxg4 45. Rxc6 Rxc6 46.
Ne5 Re6 47. Nxg4 Re2 48. Kf3 Rxb2 49. Ne5 Rb3+ 50. Ke2 Rxa3 51. Nd7+ Ke8 52.
Ne5 Ra6 53. Nf3 Bc5 54. Kf1 Ke7 55. Kg2 Kf6 56. Kh3 Kf5 57. Kg2 Kg4 58. Nh2+
Kh5 59. Kh3 Bxf2 60. g4+ Kg5 61. Nf3+ Kf4 62. Nh2 Ra1 63. Kg2 Bg3 64. Nf1 Ra2+
65. Kh3 Rb2 66. Nxg3 Rb3 67. Kh4 Rxg3 68. Kh5 Rxg4 69. Kh6 Kf5 70. Kh5 Rg6 71.
Kh4 Rg5 72. Kh3 Kf4 73. Kh4 f6 74. Kh3 Rg4 75. Kh2 Rg3 76. Kh1 Ke3 77. Kh2 Kf2
78. Kh1 Rh3# 0-1

[Event "CYCC U08 w"]
[Site "Windsor CAN"]
[Date "2016.07.06"]
[Round "3.131"]
[White "Ma, Lily"]
[Black "Mok, Gillian"]
[Result "0-1"]
[WhiteElo "1000"]
[BlackElo "705"]
[PlyCount "82"]
[EventDate "2016.07.05"]
[EventType "swiss"]
[EventRounds "7"]
[EventCountry "CAN"]

1. e4 e5 2. Nf3 Nc6 3. Nc3 Nf6 4. Bb5 d6 5. O-O Be7 6. d3 O-O 7. Bxc6 bxc6 8.
Be3 Bg4 9. h3 Bxf3 10. Qxf3 d5 11. Rad1 d4 12. Bd2 dxc3 13. Bxc3 Bc5 14. Bxe5
Nd7 15. Bc3 Re8 16. Qg3 g6 17. Qf3 Ne5 18. Qf4 Bd6 19. d4 Nc4 20. d5 Bxf4 21.
dxc6 Qg5 22. b3 Na3 23. Rd7 Nxc2 24. Rfd1 Rxe4 25. h4 Qxh4 26. g3 Qg5 27. Kf1
Be3 28. f4 Bxf4 29. gxf4 Rxf4+ 30. Ke2 Re8+ 31. Kd3 Qf5+ 32. Kd2 h5 33. Kc1 Re3
34. Bd2 Qc5 35. Bxe3 Nxe3+ 36. Kd2 Nxd1 37. Kxd1 Qf2 38. Rxc7 Rg4 39. Rc8+ Kg7
40. Re8 Rg1+ 41. Re1 Rxe1# 0-1

[Event "CYCC U08 w"]
[Site "Windsor CAN"]
[Date "2016.07.06"]
[Round "3.133"]
[White "Yu, Sophia"]
[Black "Siahou, Audrey"]
[Result "1-0"]
[WhiteElo "522"]
[BlackElo "636"]
[PlyCount "73"]
[EventDate "2016.07.05"]
[EventType "swiss"]
[EventRounds "7"]
[EventCountry "CAN"]

1. e4 e5 2. Nf3 Nc6 3. Bc4 Bc5 4. O-O Nf6 5. Nc3 O-O 6. d3 h6 7. Bd2 d6 8. h3
Be6 9. Nd5 Bxd5 10. exd5 Ne7 11. c3 Nexd5 12. Qb3 c6 13. Qxb7 Qc8 14. Qxc8
Raxc8 15. d4 exd4 16. cxd4 Bb6 17. Ba6 Rc7 18. a4 Rd7 19. Rac1 c5 20. Bb5 Rc7
21. a5 Bxa5 22. Bxa5 Rcc8 23. dxc5 Rxc5 24. Rxc5 dxc5 25. Bc6 Ne7 26. Ba4 Rb8
27. Bc3 Ned5 28. Be5 Nh7 29. Bxb8 Ng5 30. Nxg5 hxg5 31. Bxa7 Ne7 32. Bxc5 Ng6
33. Re1 f6 34. Bb3+ Kh7 35. Bc2 Kh8 36. Bxg6 Kg8 37. Re8# 1-0

[Event "CYCC U08 w"]
[Site "Windsor CAN"]
[Date "2016.07.07"]
[Round "4.130"]
[White "Zhuang, Winnie"]
[Black "Mok, Gillian"]
[Result "1-0"]
[WhiteElo "1027"]
[BlackElo "705"]
[PlyCount "53"]
[EventDate "2016.07.05"]
[EventType "swiss"]
[EventRounds "7"]
[EventCountry "CAN"]

1. e4 e5 2. Nf3 Nc6 3. Nc3 Nf6 4. Bc4 Bc5 5. O-O d6 6. h3 Nh5 7. d3 Ng3 8. Re1
Nh5 9. Ng5 Nf4 10. Nxf7 Qh4 11. Be3 Bxe3 12. Rxe3 O-O 13. Nxe5+ Be6 14. Bxe6+
Nxe6 15. Nf3 Qf4 16. Nd5 Qf7 17. d4 Ncxd4 18. c3 Nxf3+ 19. Rxf3 Qg6 20. Ne7+
Kh8 21. Nxg6+ hxg6 22. Rxf8+ Rxf8 23. Qg4 Rf6 24. Rd1 Nc5 25. e5 dxe5 26. Rd8+
Kh7 27. Qh4# 1-0

[Event "CYCC U08 w"]
[Site "Windsor CAN"]
[Date "2016.07.07"]
[Round "4.131"]
[White "Hua, Michelle"]
[Black "De Costa, Dayna"]
[Result "1-0"]
[WhiteElo "851"]
[BlackElo "627"]
[PlyCount "33"]
[EventDate "2016.07.05"]
[EventType "swiss"]
[EventRounds "7"]
[EventCountry "CAN"]

1. e4 c5 2. d4 cxd4 3. c3 dxc3 4. Nxc3 e6 5. Bc4 a6 6. a4 Nc6 7. Nf3 Nf6 8. e5
Nh5 9. O-O Be7 10. Nd4 Nxd4 11. Qxd4 b6 12. Qd3 Nf4 13. Bxf4 O-O 14. Qe3 Bb7
15. Qg3 Rc8 16. Bh6 Bh4 17. Qxg7# 1-0

[Event "CYCC U08 w"]
[Site "Windsor CAN"]
[Date "2016.07.07"]
[Round "4.132"]
[White "Deng, Joyce"]
[Black "Siahou, Audrey"]
[Result "1/2-1/2"]
[WhiteElo "875"]
[BlackElo "636"]
[PlyCount "49"]
[EventDate "2016.07.05"]
[EventType "swiss"]
[EventRounds "7"]
[EventCountry "CAN"]

1. e4 e5 2. d4 f6 3. d5 Bc5 4. Bc4 d6 5. Be3 Bxe3 6. fxe3 Bd7 7. Nc3 Ne7 8. Qd2
O-O 9. Nf3 Na6 10. O-O-O Nc5 11. Rdf1 Kh8 12. Rf2 c6 13. Rhf1 Qa5 14. Nxe5 dxe5
15. Qe2 Qd8 16. Qf3 Nc8 17. Qg3 Rf7 18. d6 Nxd6 19. Qxe5 fxe5 20. Bxf7 Nxf7 21.
Rxf7 Ne6 22. g4 h6 23. h4 b5 24. g5 hxg5 25. hxg5 1/2-1/2

[Event "CYCC U08 w"]
[Site "Windsor CAN"]
[Date "2016.07.07"]
[Round "4.132"]
[White "Yu, Sophia"]
[Black "Qu, Greta"]
[Result "1-0"]
[WhiteElo "522"]
[BlackElo "827"]
[PlyCount "135"]
[EventDate "2016.07.05"]
[EventType "swiss"]
[EventRounds "7"]
[EventCountry "CAN"]

1. e4 c5 2. Nf3 Nc6 3. Bc4 a6 4. Be2 Nf6 5. Nc3 e5 6. d3 Be7 7. O-O O-O 8. Bg5
Nd4 9. Nxe5 Nxe4 10. Bxe7 Nxc3 11. bxc3 Nxe2+ 12. Qxe2 Qxe7 13. Rfe1 Re8 14.
Qd2 Qd8 15. Nf3 Rxe1+ 16. Rxe1 b5 17. Qe3 Kf8 18. Qxc5+ Kg8 19. Qe7 Qxe7 20.
Rxe7 Kf8 21. Re1 Bb7 22. Ng5 h6 23. Ne4 Re8 24. Kf1 d5 25. Nd6 Rxe1+ 26. Kxe1
Bc6 27. Ke2 Ke7 28. Nf5+ Kf6 29. Ng3 Ke7 30. Ke3 Kd7 31. Kd4 Kd6 32. Nf5+ Ke6
33. Nxg7+ Kf6 34. Nh5+ Kg5 35. Ng3 Kf4 36. Kc5 Bb7 37. Kb6 Ba8 38. Kxa6 Ke5 39.
Kxb5 Kd6 40. Nf5+ Kc7 41. Nxh6 Bc6+ 42. Kb4 Be8 43. Kc5 Bc6 44. Nxf7 Be8 45.
Ne5 Bh5 46. Kxd5 Bd1 47. c4 Bxc2 48. c5 Bb1 49. a3 Ba2+ 50. Nc4 Bb1 51. d4 Bh7
52. Nb6 Bg8+ 53. Ke5 Kb7 54. f4 Bf7 55. f5 Kc7 56. g4 Bg8 57. g5 Kc6 58. g6 Kc7
59. f6 Kd8 60. f7 Bxf7 61. gxf7 Ke7 62. c6 Kxf7 63. c7 Ke7 64. c8=Q Kf7 65. Qc6
Ke7 66. Qc7+ Ke8 67. Ke6 Kf8 68. Qf7# 1-0

[Event "CYCC U08 w"]
[Site "Windsor CAN"]
[Date "2016.07.07"]
[Round "5.132"]
[White "Hua, Michelle"]
[Black "Zhuang, Winnie"]
[Result "1-0"]
[WhiteElo "851"]
[BlackElo "1027"]
[PlyCount "157"]
[EventDate "2016.07.05"]
[EventType "swiss"]
[EventRounds "7"]
[EventCountry "CAN"]

1. e4 e5 2. d4 Nc6 3. d5 Nce7 4. Nf3 d6 5. Nc3 Bg4 6. Bc4 g6 7. h3 Bd7 8. O-O
Bg7 9. Bg5 Nf6 10. Qd3 O-O 11. Rfe1 c6 12. Rad1 cxd5 13. Bxd5 Nfxd5 14. Nxd5 f6
15. Nxe7+ Qxe7 16. Qxd6 Qxd6 17. Rxd6 Ba4 18. b3 Bb5 19. c4 Bc6 20. Bd2 f5 21.
Re6 fxe4 22. Nxe5 e3 23. Rxe3 Rad8 24. Bb4 Bh6 25. Bxf8 Bxe3 26. Nxc6 Rd1+ 27.
Kh2 Kxf8 28. fxe3 bxc6 29. Rxc6 Re1 30. Rc7 Rxe3 31. Rxa7 h5 32. c5 Rc3 33. b4
Ke8 34. b5 Rxc5 35. b6 Rb5 36. Rb7 Kd8 37. a4 Rb3 38. a5 Kc8 39. Rc7+ Kb8 40.
g4 hxg4 41. hxg4 Rb4 42. Kh3 g5 43. Rc5 Rb3+ 44. Kg2 Rb2+ 45. Kf3 Kb7 46. Rxg5
Ka6 47. Re5 Rb1 48. Re2 Rb5 49. Rg2 Rg5 50. Kf4 Rg6 51. Kf5 Rg7 52. g5 Kb7 53.
Kf6 Rg8 54. Kf7 Rd8 55. g6 Rd7+ 56. Kf8 Rd8+ 57. Ke7 Rd1 58. g7 Re1+ 59. Kf6
Rf1+ 60. Kg5 Ra1 61. g8=Q Rxa5+ 62. Kf6 Kxb6 63. Qe6+ Kb5 64. Rg5+ Kb4 65. Qe4+
Kc3 66. Rg3+ Kd2 67. Qd4+ Ke2 68. Qb2+ Kf1 69. Rc3 Ra6+ 70. Ke5 Ra5+ 71. Kd4
Ra4+ 72. Kc5 Re4 73. Kd5 Re8 74. Rf3+ Ke1 75. Qf2+ Kd1 76. Rd3+ Kc1 77. Qd2+
Kb1 78. Rb3+ Ka1 79. Qb2# 1-0

[Event "CYCC U08 w"]
[Site "Windsor CAN"]
[Date "2016.07.07"]
[Round "5.133"]
[White "Mok, Gillian"]
[Black "Yu, Sophia"]
[Result "0-1"]
[WhiteElo "705"]
[BlackElo "522"]
[PlyCount "124"]
[EventDate "2016.07.05"]
[EventType "swiss"]
[EventRounds "7"]
[EventCountry "CAN"]

1. d4 d5 2. Nc3 Bf5 3. Bf4 a6 4. g3 Nc6 5. Bg2 Nf6 6. Nf3 e6 7. O-O Be7 8. Na4
O-O 9. Nc5 Bxc5 10. dxc5 Nb4 11. Nd4 Bg6 12. a3 Nc6 13. Nxc6 bxc6 14. Qd4 Bxc2
15. Rac1 Bf5 16. Qa4 Qd7 17. Qa5 Rfc8 18. Be5 Ne8 19. Rcd1 Qe7 20. Qa4 Qxc5 21.
b4 Qc2 22. Qxc2 Bxc2 23. Rc1 Ba4 24. Rc3 Bb5 25. Re1 a5 26. bxa5 Rxa5 27. Ra1
Bxe2 28. Rxc6 h6 29. Re1 Bc4 30. Bb2 Nd6 31. Be5 Ne4 32. Bxe4 dxe4 33. Rxc4
Rxe5 34. f4 Ra5 35. a4 f5 36. Ra1 Kf7 37. g4 Kf6 38. gxf5 Kxf5 39. Rc6 Kxf4 40.
Rxe6 Rg5+ 41. Kf2 Re5 42. Rxe5 Kxe5 43. Ke3 Ra8 44. a5 c5 45. Ra4 Kd5 46. a6 c4
47. Ra5+ Kc6 48. Kxe4 Kb6 49. Ra4 Kb5 50. Ra1 Rxa6 51. Rxa6 Kxa6 52. Kd4 Kb5
53. Kc3 Kc5 54. Kc2 Kd4 55. Kd2 c3+ 56. Kc1 Kd3 57. Kb1 Kd2 58. h4 c2+ 59. Kb2
c1=Q+ 60. Kb3 Qc3+ 61. Ka2 Kc2 62. h5 Qb2# 0-1

[Event "CYCC U08 w"]
[Site "Windsor CAN"]
[Date "2016.07.07"]
[Round "5.134"]
[White "Ma, Lily"]
[Black "Qu, Greta"]
[Result "0-1"]
[WhiteElo "1000"]
[BlackElo "827"]
[PlyCount "92"]
[EventDate "2016.07.05"]
[EventType "swiss"]
[EventRounds "7"]
[EventCountry "CAN"]

1. e4 c5 2. Nf3 Nc6 3. Nc3 e5 4. Bb5 Nd4 5. Nxe5 a6 6. Bc4 Ne6 7. O-O Nf6 8. d3
Be7 9. Bxe6 fxe6 10. Bg5 O-O 11. d4 cxd4 12. Qxd4 h6 13. Bxf6 Bxf6 14. Qc5 d6
15. Nc6 bxc6 16. Qxc6 Rb8 17. Rab1 Rb6 18. Qc4 Rf7 19. Na4 Rb5 20. b3 d5 21.
exd5 exd5 22. Qd3 d4 23. c3 Bf5 24. Qc4 Bxb1 25. Rxb1 Kf8 26. cxd4 Qxd4 27.
Qc8+ Qd8 28. Qxa6 Qd3 29. Rc1 Rxb3 30. axb3 Qxa6 31. Nc5 Rc7 32. Ne6+ Qxe6 33.
Rf1 Qc6 34. h3 Be5 35. g4 Rb7 36. f4 Bd4+ 37. Rf2 Bxf2+ 38. Kxf2 Qc2+ 39. Kg3
Rxb3+ 40. Kh4 Qf2+ 41. Kh5 Rxh3+ 42. Kg6 Kg8 43. g5 Qb6+ 44. Kf5 g6+ 45. Kg4
Qe3 46. gxh6 Qg3# 0-1

[Event "CYCC U08 w"]
[Site "Windsor CAN"]
[Date "2016.07.08"]
[Round "6.132"]
[White "Zhuang, Winnie"]
[Black "Deng, Joyce"]
[Result "1-0"]
[WhiteElo "1027"]
[BlackElo "875"]
[PlyCount "75"]
[EventDate "2016.07.05"]
[EventType "swiss"]
[EventRounds "7"]
[EventCountry "CAN"]

1. e4 e5 2. Nf3 Nc6 3. Nc3 Nf6 4. Bc4 d5 5. exd5 Bf5 6. dxc6 bxc6 7. O-O Bg4 8.
Re1 Bd6 9. d4 O-O 10. Bg5 Re8 11. d5 cxd5 12. Nxd5 e4 13. Bb5 exf3 14. Rxe8+
Nxe8 15. Bxd8 g6 16. Bxe8 Rxd8 17. Bc6 h5 18. Qd2 Bb4 19. Qxb4 fxg2 20. Kxg2
Rd6 21. Bb7 Re6 22. Re1 Re2 23. Rxe2 Bxe2 24. Qf4 g5 25. Qe3 g4 26. Qh6 Bf3+
27. Kg3 f5 28. Nf6+ Kf7 29. Bc8 Ke7 30. Nxh5 c5 31. Qe6+ Kf8 32. Nf4 c4 33.
Ng6+ Kg7 34. Kh4 Kh7 35. Qf7+ Kh6 36. Qg8 c3 37. Bxf5 cxb2 38. Qh8# 1-0

[Event "CYCC U08 w"]
[Site "Windsor CAN"]
[Date "2016.07.08"]
[Round "6.133"]
[White "Qu, Greta"]
[Black "Hua, Michelle"]
[Result "0-1"]
[WhiteElo "827"]
[BlackElo "851"]
[PlyCount "78"]
[EventDate "2016.07.05"]
[EventType "swiss"]
[EventRounds "7"]
[EventCountry "CAN"]

1. e4 d5 2. exd5 Qxd5 3. Nc3 Qa5 4. d4 Nf6 5. Nf3 Bg4 6. h3 Bh5 7. Be2 Nc6 8.
Be3 O-O-O 9. Qd2 Bxf3 10. Bxf3 Nxd4 11. Bxd4 e5 12. Bb6 Qxb6 13. Qc1 Bb4 14.
O-O Rhe8 15. Rd1 Bxc3 16. bxc3 e4 17. Be2 e3 18. Rxd8+ Kxd8 19. f3 Qc5 20. Qd1+
Qd6 21. Qxd6+ cxd6 22. Rd1 Kc7 23. Kh2 Kc6 24. a4 a6 25. Kg3 Nd5 26. Bc4 Nxc3
27. Bxf7 Nxd1 28. Bxe8+ Kd5 29. Bf7+ Kd4 30. Bc4 Kxc4 31. Kf4 e2 32. Kg4 e1=Q
33. Kf4 Qh4+ 34. Kf5 Ne3+ 35. Ke6 Qf6+ 36. Kd7 Kc5 37. Kc7 Qe7+ 38. Kc8 Kb6 39.
Kb8 Qd8# 0-1

[Event "CYCC U08 w"]
[Site "Windsor CAN"]
[Date "2016.07.08"]
[Round "6.134"]
[White "De Costa, Dayna"]
[Black "Yu, Sophia"]
[Result "0-1"]
[WhiteElo "627"]
[BlackElo "522"]
[PlyCount "82"]
[EventDate "2016.07.05"]
[EventType "swiss"]
[EventRounds "7"]
[EventCountry "CAN"]

1. d4 d5 2. c4 e6 3. Nc3 Nf6 4. Bg5 h6 5. Bh4 g5 6. Bg3 Bb4 7. Rc1 Ne4 8. Nf3
Nxc3 9. bxc3 Ba3 10. Rb1 Nc6 11. e3 Be7 12. Bd3 Bd7 13. O-O Rb8 14. Qc2 Na5 15.
Be5 f6 16. Bg6+ Kf8 17. Bg3 Nxc4 18. Rfd1 Na3 19. Bxc7 Nxc2 20. Bxd8 Bxd8 21.
Rdc1 Na3 22. Rb3 Nc4 23. Rd1 Ba4 24. Rxb7 Rxb7 25. Re1 Rg8 26. Bh7 Rxh7 27. Rb1
Ba5 28. Rb8+ Kg7 29. Rb7+ Kh8 30. Rb1 Bxc3 31. Rf1 Bb5 32. Rc1 Nd2 33. Rb1 Nxb1
34. Kh1 Rc7 35. Ng1 Be1 36. Ne2 Bxe2 37. Kg1 Rc1 38. h3 Bb4+ 39. Kh2 Bd6+ 40.
g3 Bf3 41. a4 Rh1# 0-1

[Event "CYCC U08 w"]
[Site "Windsor CAN"]
[Date "2016.07.08"]
[Round "6.135"]
[White "Mok, Gillian"]
[Black "Siahou, Audrey"]
[Result "0-1"]
[WhiteElo "705"]
[BlackElo "636"]
[PlyCount "156"]
[EventDate "2016.07.05"]
[EventType "swiss"]
[EventRounds "7"]
[EventCountry "CAN"]

1. e4 e5 2. Nf3 Nc6 3. Bb5 Nf6 4. d3 d6 5. Bg5 a6 6. Bxc6+ bxc6 7. Nc3 h6 8.
Be3 d5 9. exd5 cxd5 10. Bd2 Bd6 11. Qe2 Qe7 12. d4 exd4 13. Qxe7+ Bxe7 14. Nxd4
Bc5 15. Nc6 O-O 16. O-O Bf5 17. Na4 Bd6 18. Rac1 Bd7 19. Nd4 Bxa4 20. Nf5 Be5
21. b3 Bd7 22. Ne7+ Kh8 23. Rfe1 Bd6 24. Bc3 Rfe8 25. Bxf6 gxf6 26. Nxd5 Kg7
27. Rxe8 Rxe8 28. h3 Bf5 29. Ne3 Bd7 30. Rd1 Re6 31. Nf5+ Kg6 32. Nh4+ Kh7 33.
Nf5 Kg6 34. Nxd6 Rxd6 35. Rxd6 cxd6 36. Kf1 Kf5 37. Ke1 Ke5 38. Kd2 Kd5 39. Ke3
Ke5 40. f4+ Ke6 41. c4 d5 42. Kd4 dxc4 43. bxc4 Bc6 44. g4 f5 45. Kc5 Bd7 46.
Kb6 fxg4 47. hxg4 f5 48. g5 hxg5 49. fxg5 Kf7 50. c5 f4 51. c6 Bxc6 52. Kxc6 f3
53. Kd5 f2 54. Ke5 f1=Q 55. Ke4 Kg6 56. Kd4 Kxg5 57. Kc5 Qa1 58. Kb6 Qxa2 59.
Kc5 Qb3 60. Kd4 Qc2 61. Kd5 Qc3 62. Ke4 Qd2 63. Ke5 a5 64. Ke4 a4 65. Kf3 a3
66. Kg3 a2 67. Kf3 a1=R 68. Ke4 Re1+ 69. Kf3 Qf4+ 70. Kg2 Qg4+ 71. Kf2 Qg1+ 72.
Kf3 Rf1+ 73. Ke2 Qf2+ 74. Kd3 Qf8 75. Kc4 Qd8 76. Kb5 Qc8 77. Kb4 Rb1+ 78. Ka3
Qa8# 0-1